Guess the red devil 3 - Statistics

General Stats
  • This quiz has been taken 8 times
  • The average score is 11 of 16
Answer Stats
Picture Answer % Correct
Charles De Ketelaere
100%
Romelu Lukaku
100%
Christian Benteke
88%
Koen Casteels
88%
Thomas Meunier
88%
Hans Vanaken
75%
Jason Denayer
75%
Loïs Openda
75%
Dodi Lukebakio
63%
Marc Wilmots
63%
Zeno Debast
63%
Anthony Vanden Borre
38%
Dedryck Boyata
38%
Laurent Ciman
38%
Romeo Lavia
38%
Steven Defour
38%
No matching quizzes found
Score Distribution
Percent of People with Each Score
Percentile by Number Answered
Your Score History
You have not taken this quiz